00959nam a2200217 i 4500001000700000003000700007005001700014008004100031080001700072100003000089245019800119250002400317260003600341300002200377490002200399650004300421830003000464852010500494999001900599952012300618183404SpMaBN20250902054527.0170323s1971 sp |||| | spa d a658.5(088.3)1 aTownsend, Robert.911119010aArriba la organización b: cómo evitar que la organización ahogue a los empleados y se coma los beneficios / cRobert Townsend ; [edición traducida y revisada por Jaime Nonell Fortuny]. a3ª ed. rev. y amp. aBarcelona : bGrijalbo, c1971. a280 p. ; c20 cm.1 aColección Norte 7aDirección de empresas2embne91621530 aColección Norte9184640 aES-MaACLjL-31308 z- enc. cart. z. - Donat. herederos de la bibl. de Mª del Pilar Costa Palacín c183404d183404 00104070aATENEOMbATENEOMcDEPO2d2017-03-23eDONl0oL-31308p1197265r2023-02-23 00:00:00w2023-02-23yMONOGRAFIA